[Event "ch-UKR semi-final"]
[Site "Alushta UKR"]
[Date "2011.05.09"]
[Round "7.57"]
[White "Mamonova,Y"]
[Black "Muhtarov,L"]
[Result "1/2-1/2"]
[WhiteElo "2022"]
[BlackElo "2131"]

1.e4 c5 2.Nf3 Nc6 3.Bb5 g6 4.O-O Bg7 5.Bxc6 dxc6 6.h3 Nf6 7.d3 O-O 8.Nbd2 Ne8
9.Nc4 Nd6 10.Nxd6 Qxd6 11.a3 e5 12.b4 Be6 13.Qd2 Rfd8 14.Qc3 cxb4 15.axb4 b6
16.Bb2 f6 17.Rfb1 Rdc8 18.Nd2 Qd7 19.Bc1 Bf8 20.Nf3 c5 21.b5 Rd8 22.Be3 Rac8
23.Ra6 Rc7 24.Qb2 Qf7 25.Qc1 h5 26.Rba1 Kh7 27.Bg5 Rdd7 28.Be3 Kg8 29.Nd2 c4
30.Qf1 cxd3 31.cxd3 Rc3 32.Nf3 Rcxd3 33.Rxa7 Bc4 34.Rxd7 Rxd7 35.Qc1 Bxb5
36.Ra8 Kh7 37.Qc8 Bg7 38.Bxb6 Be2 39.Be3 Qe6 40.Kh2 Qf7 41.Nd2 f5 42.Nf3 Bxf3
43.gxf3 f4 44.Bb6 Kh6 45.Qe8 Qxe8 46.Rxe8 g5 47.Rd8 Rxd8 48.Bxd8 Kg6 49.Kg2 Bf6
50.Bc7 Kf7 51.Kf1 Ke6 52.Ke2 Kd7 53.Ba5 Be7 54.Bc3 Ke6 55.Bb2 Bc5 56.Bc3  1/2-1/2

[Event "ch-Euro Indiv Women"]
[Site "Tbilisi GEO"]
[Date "2011.05.09"]
[Round "3"]
[White "Semenova,E"]
[Black "Guliyeva,S"]
[Result "1/2-1/2"]
[WhiteElo "2188"]
[BlackElo "2040"]

1.e4 c5 2.Nf3 Nc6 3.Bb5 g6 4.Bxc6 dxc6 5.d3 Bg7 6.h3 e5 7.Nc3 Ne7 8.Be3 b6
9.Qd2 h6 10.a3 Qd6 11.O-O f5 12.exf5 gxf5 13.Qe2 Ba6 14.Nd2 O-O 15.Nc4 Qe6
16.Bd2 b5 17.Na5 b4 18.Na4 Qd6 19.Be3 Qc7 20.Nxc5 Bc8 21.axb4 f4 22.Bd2 f3
23.Qe4 Rf6 24.g4 h5 25.Bg5 Rf8 26.d4 hxg4 27.hxg4 Nd5 28.dxe5 Qxe5 29.Qxe5 Bxe5
30.Nxc6 Bxb2 31.Rad1 Nc3 32.Rd6 Ne2+ 33.Kh2 Bxg4 34.Nd7 Bxd7 35.Rxd7 Bf6
36.Be3 Rf7 37.Rfd1 Kg7 38.Kh3 Rc8 39.Nxa7 Rc4 40.Bd4 Bxd4 41.Rxf7+ Kxf7 42.Nb5 Rxb4
43.Nxd4 Rxd4 44.Rxd4 Nxd4 45.Kg4 Ke6 46.c3 Ne2 47.Kxf3 Nxc3 48.Ke3  1/2-1/2

[Event "ch-Euro Indiv Women"]
[Site "Tbilisi GEO"]
[Date "2011.05.09"]
[Round "3"]
[White "Sedina,E"]
[Black "Cramling,P"]
[Result "0-1"]
[WhiteElo "2351"]
[BlackElo "2468"]

1.e4 c5 2.Nf3 Nc6 3.Bb5 Nf6 4.Nc3 Qc7 5.O-O Nd4 6.d3 a6 7.Bc4 e6 8.Nxd4 cxd4
9.Ne2 Bc5 10.c3 dxc3 11.e5 c2 12.Qd2 d5 13.Bb3 Nd7 14.d4 Be7 15.Bxc2 Nb8
16.f4 g6 17.g4 Bd7 18.f5 gxf5 19.gxf5 Bb5 20.a4 Bxe2 21.Qxe2 Nc6 22.Be3 O-O-O
23.Kh1 Kb8 24.Rac1 Qd7 25.f6 Bb4 26.Rg1 h5 27.Rg7 Rc8 28.Rcg1 Ba5 29.Bg6 Nd8
30.b3 Qe8 31.Bd3 Qf8 32.R7g5 h4 33.h3 Qb4 34.R5g4 Qxb3 35.Rb1 Qxa4 36.Bxa6 Rc2
37.Qd1 Qc6 38.Bd3 Rc3 39.Bb5 Qc7 40.Rb3 Rxb3 41.Qxb3 Qb6 42.Rg1 Nc6 43.Qa4 Rc8
44.Ra1 Bc3 45.Qa8+ Kc7 46.Qa3 Qxb5 47.Qxc3 Qe2 48.Rg1 Ra8 49.Rg2 Qf3 50.Kh2 Ra4
51.Qb3 Rc4 52.Qa3 b5 53.Qd6+ Kb6 54.Bd2 b4 55.Be1 Qf4+ 56.Kg1 Rc1 57.Re2 Qf3  0-1

[Event "20th ch-MKD 2011"]
[Site "Skopje MKD"]
[Date "2011.05.10"]
[Round "1"]
[White "Petrovski,I"]
[Black "Georgiev,Vl"]
[Result "0-1"]
[WhiteElo "2232"]
[BlackElo "2574"]

1.e4 c5 2.Nf3 Nc6 3.Bb5 e5 4.O-O Nge7 5.Re1 a6 6.Bf1 d6 7.c3 Bg4 8.h3 Bh5
9.g4 Bg6 10.d4 h5 11.dxc5 hxg4 12.hxg4 Qc8 13.Nfd2 Rh4 14.cxd6 Rxg4+ 15.Bg2 Bh5
16.f3 Rxg2+ 17.Kxg2 Ng6 18.Nc4 Qe6 19.Bg5 Nf4+ 20.Bxf4 exf4 21.Nbd2 O-O-O
22.a4 Bxd6 23.Qe2 Bc5 24.Rh1 Ne5 25.Nxe5 Qxe5 26.Nb3 Qg5+ 27.Kf1 Qg3 28.Nd4 Bxd4
29.cxd4 Bxf3 30.Qc2+ Kb8 31.Rg1 Qh3+ 32.Ke1 Rxd4 33.Rc1 Rxe4+ 34.Kf2 Re2+
35.Qxe2 Bxe2 36.Kxe2 Qe3+ 37.Kf1 Qxc1+  0-1

[Event "ch-UKR semi-final"]
[Site "Alushta UKR"]
[Date "2011.05.11"]
[Round "9.64"]
[White "Kazakov,Maksym"]
[Black "Rybakov,S UKR"]
[Result "1-0"]
[WhiteElo "1931"]
[BlackElo "2005"]

1.e4 c5 2.Nf3 Nc6 3.Bb5 e6 4.Bxc6 bxc6 5.O-O d5 6.d3 Nf6 7.Nbd2 Be7 8.Re1 O-O
9.c3 a5 10.b3 a4 11.Ba3 axb3 12.axb3 Ba6 13.d4 cxd4 14.cxd4 Bd3 15.Bxe7 Qxe7
16.exd5 cxd5 17.Qc1 Qb7 18.Qb2 Rfc8 19.Rxa8 Qxa8 20.Rc1 h6 21.Ne5 Qb7 22.Nxd3 Ra8
23.Qc2 Ne8 24.Qc6 Qa7 25.h3 Rb8 26.Qc5 Qa2 27.Rc2 Qa1+ 28.Kh2 Qd1 29.Ne5 Qe2
30.Qa7  1-0

[Event "ch-UKR semi-final"]
[Site "Alushta UKR"]
[Date "2011.05.11"]
[Round "9.56"]
[White "Mamonova,Y"]
[Black "Skliarov,V"]
[Result "0-1"]
[WhiteElo "2022"]
[BlackElo "2206"]

1.e4 c5 2.Nf3 Nc6 3.Bb5 e6 4.Bxc6 bxc6 5.O-O Ne7 6.Re1 Ng6 7.e5 Be7 8.b3 f6
9.Bb2 O-O 10.c4 fxe5 11.Nxe5 Nxe5 12.Bxe5 d6 13.Bg3 Bf6 14.Nc3 a5 15.Rb1 Ra7
16.Ne4 e5 17.d3 Raf7 18.a3 Be7 19.Nc3 Bf5 20.Re2 h5 21.f3 h4 22.Be1 h3 23.Bg3 hxg2
24.Rxg2 Bg6 25.Rf2 Bh5 26.Rbb2 Qd7 27.Qf1 Rxf3 28.Rxf3 Rxf3 29.Rf2 Rxf2 30.Qxf2 Qb7
31.Qf5 Be8 32.Ne4 Qd7 33.Qf2 Bg6 34.Qf3 Qh3 35.Nf2 Qc8 36.Qe2 Qe6 37.Qd2 d5
38.Qe2 e4 39.dxe4 dxe4 40.Bf4 Bf6 41.Qg4 Bf5 42.Qe2 Bd4 43.Be3 Qg6+ 44.Kh1 Be5
45.Bxc5 Qh6 46.Nd1 Bg4 47.Qf2 Bf3+ 48.Kg1 Qg5+  0-1

[Event "20th ch-MKD 2011"]
[Site "Skopje MKD"]
[Date "2011.05.11"]
[Round "2"]
[White "Veleski,R"]
[Black "Georgiev,Vl"]
[Result "0-1"]
[WhiteElo "2259"]
[BlackElo "2574"]

1.e4 c5 2.Nf3 Nc6 3.Bb5 e5 4.O-O Nge7 5.Re1 a6 6.Bf1 g6 7.d3 Bg7 8.Be3 b6
9.Qd2 h6 10.a4 d6 11.c3 g5 12.Na3 g4 13.Nh4 Bf6 14.g3 Bxh4 15.gxh4 Ng6 16.h5 Nh4
17.Be2 Nf3+ 18.Bxf3 gxf3 19.Kh1 Bh3 20.Rg1 Bg2+ 21.Rxg2 fxg2+ 22.Kg1 Qf6
23.Nc4 Rb8 24.Qe2 b5 25.axb5 axb5 26.Nd2 Rg8 27.Nf3 b4 28.d4 bxc3 29.bxc3 cxd4
30.cxd4 exd4 31.e5 Qf5 32.Bxh6 Rb1+ 33.Rxb1 Qxb1+ 34.Ne1 d3 35.Qe3 Nxe5 36.Qc1 Qb7
37.Bf4 d2 38.Bxd2 Qa6 39.Nxg2 Nf3+ 40.Kh1 Nxd2  0-1

[Event "TCh-UKR Clubs 2011"]
[Site "Alushta UKR"]
[Date "2011.05.13"]
[Round "1.4"]
[White "Krupko,A"]
[Black "Brodsky,M"]
[Result "0-1"]
[WhiteElo "2165"]
[BlackElo "2558"]

1.e4 c5 2.Nf3 Nc6 3.Bb5 e6 4.O-O Nge7 5.Re1 Nd4 6.Nxd4 cxd4 7.c3 a6 8.Bf1 Nc6
9.d3 g6 10.e5 Bg7 11.Bf4 O-O 12.c4 d6 13.exd6 e5 14.Bg3 Qxd6 15.Nd2 Bd7 16.Rb1 h6
17.h3 Kh8 18.Ne4 Qc7 19.Qd2 g5 20.h4 f5 21.Nc5 f4 22.Bh2 g4 23.Be2 Bf5 24.b4 Nd8
25.Bd1 Nf7 26.Bb3 h5 27.Ne4 Bxe4 28.Rxe4 Nd6 29.Ree1 Nf5 30.g3 Bh6 31.Qe2 fxg3
32.Bxg3 Nxg3  0-1

[Event "Sten Open"]
[Site "Hradec Kralove CZE"]
[Date "2011.05.14"]
[Round "8"]
[White "Seidl,S"]
[Black "Voelz,S"]
[Result "1-0"]
[WhiteElo "2090"]
[BlackElo "1966"]

1.e4 c5 2.Nf3 Nc6 3.Bb5 g6 4.O-O Bg7 5.d3 e6 6.Bxc6 bxc6 7.Nc3 Ne7 8.e5 Nf5
9.Ne4 Qc7 10.Bf4 f6 11.exf6 Qxf4 12.fxg7 Nxg7 13.Nxc5 O-O 14.Qd2 Qg4 15.h3 Qf5
16.Ne4 d5 17.Ng3 Qf6 18.Qh6 Nf5 19.Nxf5 gxf5 20.Qxf6 Rxf6 21.d4 a5 22.Ne5 Ba6
23.Rfe1 Bb7 24.Re3 f4 25.Rb3 Ra7 26.Re1 Bc8 27.Rb6  1-0

[Event "Sten Open"]
[Site "Hradec Kralove CZE"]
[Date "2011.05.15"]
[Round "9"]
[White "Vojtech,J"]
[Black "Prachar,J"]
[Result "1-0"]
[WhiteElo "2113"]
[BlackElo "1875"]

1.e4 c5 2.Nf3 Nc6 3.Bb5 g6 4.O-O Bg7 5.Bxc6 dxc6 6.h3 e5 7.d3 f6 8.a4 a5
9.Na3 Nh6 10.Qe2 Nf7 11.Nc4 Be6 12.b3 O-O 13.Be3 b6 14.Rad1 Qc7 15.Nfd2 g5
16.Qh5 Nh8 17.g3 Ng6 18.Rfe1 Rfe8 19.Nf1 Bf7 20.Qf3 h5 21.Bc1 h4 22.Nfe3 hxg3
23.fxg3 Be6 24.Kg2 b5 25.Nd2 Qd7 26.Rh1 Kf7 27.Rdf1 Rh8 28.Nf5 Bxf5 29.Qxf5 Qxf5
30.exf5 Ne7 31.Ba3 b4 32.Bc1 Nd5 33.Nc4 Bf8 34.Re1 Be7 35.Bd2 Kg7 36.Re4 Kf7
37.h4 gxh4 38.Rexh4 Rxh4 39.Rxh4 Kg7 40.Kf3 Ra7 41.Rg4+ Kf7 42.Bh6 Ke8 43.Rg8+ Kd7
44.Rg7 Ra8 45.Be3 Ke8 46.Rg8+ Bf8 47.Bxc5 Kf7 48.Rxf8+ Rxf8 49.Bxf8 Kxf8
50.Nxa5  1-0

[Event "ch-Euro Indiv Women"]
[Site "Tbilisi GEO"]
[Date "2011.05.15"]
[Round "8"]
[White "Asgarova,T"]
[Black "Umudova,N"]
[Result "0-1"]
[WhiteElo "1957"]
[BlackElo "2230"]

1.e4 c5 2.Nf3 Nc6 3.Bb5 e6 4.O-O Nge7 5.Re1 a6 6.Bf1 d5 7.exd5 Qxd5 8.Nc3 Qd8
9.Ne4 Nf5 10.d3 Be7 11.c3 b6 12.Bf4 O-O 13.Qb3 Kh8 14.Rad1 f6 15.d4 cxd4
16.cxd4 Nfxd4 17.Nxd4 Nxd4 18.Qc3 e5 19.Be3 Bg4 20.f3 Rc8 21.Qd3 Bxf3 22.gxf3 Nxf3+
23.Kh1 Nxe1 24.Rxe1 b5 25.Qe2 f5 26.Nc3 Qe8 27.Bg2 Bh4 28.Rg1 Qf7 29.Bd2 e4
30.a3 Bf6 31.Bh3 g6 32.Rf1 Qb7 33.Bg2 Be5 34.Rc1 Qb8 35.Bh3 Rcd8 36.Bg5 Rd3
37.Bf1 Qb7 38.Bg2 Qd7 39.Nd1 Rb3 40.Qc2 Rd3 41.Nf2 Rd6 42.Qb3 Rc8 43.Rf1 Qg7
44.Qh3 Re8 45.Bh6 Qd7 46.Qb3 Qe6 47.Qc2 Qc4 48.Rc1 Qxc2 49.Rxc2 Rdd8 50.Rc6 Rc8
51.Rxa6 Rc2 52.Nh3 Rxb2 53.Bf1 Rc8 54.Nf4 Rb1 55.Kg2 Rb2+ 56.Kh1 Kg8 57.Re6 Bxf4
58.Bxf4 Rf2 59.Bxb5 Rxf4  0-1

[Event "ch-Euro Indiv Women"]
[Site "Tbilisi GEO"]
[Date "2011.05.16"]
[Round "9"]
[White "Motycakova,M"]
[Black "Guliyeva,S"]
[Result "1-0"]
[WhiteElo "2107"]
[BlackElo "2040"]

1.e4 c5 2.Nf3 Nc6 3.Bb5 g6 4.Bxc6 dxc6 5.h3 Bg7 6.d3 e5 7.Be3 b6 8.Nc3 Ne7
9.Qd2 h6 10.Nh2 f5 11.exf5 gxf5 12.Qe2 O-O 13.O-O-O Nd5 14.Bd2 b5 15.g4 b4
16.Na4 Qa5 17.b3 Nb6 18.gxf5 Nxa4 19.Rdg1 Nc3 20.Rxg7+ Kxg7 21.Qxe5+ Kf7
22.Bxc3 bxc3 23.Ng4 Bxf5 24.Nxh6+ Kg6 25.Rg1+ Kh5 26.Nxf5 Rae8 27.Ng7+  1-0

[Event "Serbian Cup 2011"]
[Site "Valjevo SRB"]
[Date "2011.05.17"]
[Round "2.1"]
[White "Popovic,Du"]
[Black "Roganovic,Milo"]
[Result "1/2-1/2"]
[WhiteElo "2553"]
[BlackElo "2476"]

1.e4 c5 2.Nf3 Nc6 3.Bb5 g6 4.O-O Bg7 5.Nc3 e5 6.a3 Nge7 7.b4 d6 8.Rb1 O-O
9.bxc5 dxc5 10.Bc4 b6 11.d3 h6 12.Nd5 Bb7 13.Bd2 Kh7 14.a4 f5 15.Qe2 Rb8
16.Bc3 Nd4 17.Bxd4 exd4 18.Nxe7 Qxe7 19.e5 Bxf3 20.Qxf3 Bxe5 21.Rfe1 Qd6
22.h4 Rbe8 23.Re2 Re7 24.Rbe1 Rfe8 25.g3 h5 26.Bb5 Rc8 27.Bc4 Rce8 28.Bb5 Rc8
29.Qg2 Rcc7 30.Bc4 Bg7 31.Re6 Rxe6 32.Rxe6 Qd8 33.Qd5 Qxd5 34.Bxd5 Bf8  1/2-1/2

[Event "TCh-UKR Clubs 2011"]
[Site "Alushta UKR"]
[Date "2011.05.18"]
[Round "6.4"]
[White "Shagbazyan,Tar"]
[Black "Savchenko,B"]
[Result "1-0"]
[WhiteElo "2303"]
[BlackElo "2630"]

1.e4 c5 2.Nf3 Nc6 3.Bb5 g6 4.O-O Bg7 5.Re1 Nf6 6.c3 O-O 7.h3 Qa5 8.Bf1 Rd8
9.c4 d6 10.Nc3 Nd7 11.a3 Rb8 12.Rb1 Re8 13.Nd5 e6 14.b4 Qd8 15.Ne3 b6 16.d3 Bb7
17.b5 Nce5 18.Nh2 f5 19.Nc2 Nf6 20.f3 d5 21.f4 Nxd3 22.Bxd3 fxe4 23.Bf1 d4
24.Rb3 Qc7 25.Ng4 Nh5 26.g3 d3 27.Bxd3 Rbd8 28.Re3 Ba8 29.Qe2 exd3 30.Rbxd3 Qb7
31.Qh2 Rxd3 32.Rxd3 Qe4 33.Rd7 Kh8 34.Nge3 e5 35.Bb2 exf4 36.Bxg7+ Nxg7 37.gxf4 Nh5
38.Ng4 Qxc4 39.Nce3 Qc3 40.Qf2 Nf6 41.Nxf6 Qxf6 42.Ng4 Qa1+ 43.Kh2 h5 44.Ne5 Kg8
45.Nxg6 Re1 46.Rd8+ Kg7 47.Rxa8 Kxg6 48.Qg2+ Kf7 49.Qd5+ Kg6 50.Rg8+ Kf6
51.Rf8+ Kg7 52.Rf7+  1-0

[Event "ch-Moscow KO"]
[Site "Moscow RUS"]
[Date "2011.05.18"]
[Round "1.4"]
[White "Nikolenko,O"]
[Black "Tilicheev,V"]
[Result "0-1"]
[WhiteElo "2537"]
[BlackElo "2361"]

1.e4 c5 2.Nf3 Nc6 3.Bb5 d6 4.Bxc6+ bxc6 5.O-O g6 6.d4 cxd4 7.Qxd4 e5 8.Qd3 Be7
9.h3 Qc7 10.Rd1 h6 11.Na3 Be6 12.c4 Nf6 13.b3 Rd8 14.Bb2 O-O 15.Qe3 Qb6 16.c5 Qxc5
17.Qxc5 dxc5 18.Nxe5 Rc8 19.f3 Nh5 20.Nac4 Nf4 21.Kf2 f6 22.Nd3 Nxd3+ 23.Rxd3 Rfd8
24.Rad1 Rxd3 25.Rxd3 Kf8 26.Ba3 Rb8 27.Nd6 a5 28.Bxc5 a4 29.bxa4 Rb2+ 30.Kg3 Rxa2
31.Ra3 Rc2 32.Nb7 Bxc5 33.Nxc5 Rxc5 34.a5 Rb5 35.a6 Rb8 36.a7 Ra8 37.Ra6 Bd7
38.Kf4 g5+ 39.Ke3 Ke7 40.Kd4 Kd6 41.g3 Bxh3 42.f4 Bc8 43.Ra1 c5+ 44.Ke3 Kc6
45.Rh1 Rxa7 46.Rxh6 Ra3+ 47.Kd2 Rxg3 48.Rxf6+ Kb5 49.f5 c4 50.e5 c3+ 51.Kc2 Bb7
52.Rf8 Be4+ 53.Kb3 c2+ 54.Kb2 Rb3+  0-1

[Event "ch-Moscow KO"]
[Site "Moscow RUS"]
[Date "2011.05.18"]
[Round "1.5"]
[White "Nikolenko,O"]
[Black "Tilicheev,V"]
[Result "0-1"]
[WhiteElo "2537"]
[BlackElo "2361"]

1.e4 c5 2.Nf3 Nc6 3.Bb5 d6 4.Bxc6+ bxc6 5.O-O g6 6.d4 cxd4 7.Qxd4 e5 8.Qd3 Be7
9.Rd1 Nf6 10.Bg5 Be6 11.Bxf6 Bxf6 12.Qxd6 Qb6 13.Nc3 Rd8 14.Qa3 Rxd1+ 15.Rxd1 Be7
16.Qa4 O-O 17.b3 Bc5 18.Rd2 Rd8 19.Rxd8+ Qxd8 20.Qxc6 Qa5 21.Nd1 Bg4 22.Qe8+ Bf8
23.Ne3 Qxa2 24.h3 Be6 25.Ng5 Qa6 26.Nxe6 fxe6 27.Ng4 Qd6 28.Kh2 h5 29.Nf6+ Kg7
30.Nd7 Be7 31.c4 Bg5 32.c5 Qd2 33.Qf8+ Kh7 34.Nf6+ Bxf6 35.Qxf6 Qc3 36.Qe7+ Kh6
37.f3 Qc1 38.Qf8+ Kh7 39.h4 a5 40.Qe7+ Kh8 41.Qf6+ Kh7 42.Qxe5 Qc2 43.Qc7+ Kh6
44.Qf4+ Kh7 45.Qc7+ Kh6 46.c6 Qc1 47.Qd6 e5 48.c7 Qf4+ 49.Kh3 Qc1 50.Qxe5 Qh1+
51.Kg3 Qe1+ 52.Kh3 Qh1+ 53.Qh2 Qc1  0-1

[Event "ch-Catalan KO"]
[Site "Sabadell ESP"]
[Date "2011.05.18"]
[Round "3.1"]
[White "Narciso Dublan,M"]
[Black "Fluvia Poyatos,Joa"]
[Result "1-0"]
[WhiteElo "2532"]
[BlackElo "2472"]

1.e4 c5 2.Nf3 Nc6 3.Bb5 g6 4.Bxc6 dxc6 5.d3 Bg7 6.h3 e5 7.Be3 Qe7 8.Nc3 h6
9.O-O Nf6 10.Qd2 Nd7 11.Nh2 Nf8 12.f4 exf4 13.Bxf4 Ne6 14.Bg3 Qg5 15.Qe1 Nd4
16.Qf2 O-O 17.Bd6 Bxh3 18.Bf4 Qxg2+ 19.Qxg2 Bxg2 20.Kxg2 Nxc2 21.Rad1 Rad8
22.Rd2 Nb4 23.Rfd1 f5 24.Be3 b6 25.a3 f4 26.Bf2 Na6 27.d4 cxd4 28.Bxd4 g5
29.Bxg7 Rxd2+ 30.Rxd2 Kxg7 31.Nf3 Nb8 32.e5 g4 33.Nh4 Re8 34.Rd6 Rxe5 35.Rg6+ Kf7
36.Rxg4 Rg5 37.Kf3 Rxg4 38.Kxg4 Nd7 39.Kxf4 Nc5 40.Kf5 Nd3 41.b4 Ke7 42.Ke4 Nf2+
43.Kf3 Nd3 44.Nf5+ Kd7 45.Nxh6 Ne5+ 46.Ke4 Nc4 47.Nb1 a5 48.bxa5 Nxa5 49.Ng4 Kd6
50.Ne3 b5 51.Kd3 c5 52.Nd2 Kc6 53.Ke4 Nb7 54.Ke5 Kb6 55.Nb3 Na5 56.Nd5+ Ka6
57.Nxc5+ Ka7 58.Ne3 b4 59.a4 b3 60.Nd3 Nc6+ 61.Kd6 Nb4 62.Nb2 Kb6 63.Nec4+ Ka6
64.Kc5 Na2 65.Kd4 Nc1 66.Kc3 Ne2+ 67.Kxb3 Nd4+ 68.Kb4 Kb7 69.Nd3 Kc6 70.Nde5+ Kb7
71.Na5+ Kb6 72.Nec4+ Ka6 73.Nb3 Nc6+ 74.Kc5 Nd8 75.Kd5 Nf7 76.Nc5+ Ka7 77.a5 Nh6
78.Nd6 Ng4 79.Nb5+ Ka8 80.a6 Ne3+ 81.Kc6 Nc4 82.Nd7 Na5+ 83.Kc7 Nb7 84.Nb6+  1-0

[Event "ch-Euro Indiv Women"]
[Site "Tbilisi GEO"]
[Date "2011.05.18"]
[Round "11"]
[White "Kovanova,B"]
[Black "Savina,A"]
[Result "0-1"]
[WhiteElo "2361"]
[BlackElo "2389"]

1.e4 c5 2.Nf3 Nc6 3.Bb5 Nf6 4.Nc3 g6 5.O-O Bg7 6.Re1 O-O 7.d3 d6 8.Bxc6 bxc6
9.e5 Nd5 10.exd6 exd6 11.Ne4 h6 12.c4 Nc7 13.d4 f5 14.Nc3 cxd4 15.Nxd4 Qd7
16.f4 Ba6 17.Nf3 Rad8 18.Qa4 c5 19.Qb3 Qf7 20.Nd5 Bxc4 21.Qxc4 Nxd5 22.Bd2 Nf6
23.Qc2 Ne4 24.Bc3 Qc4 25.Rac1 Rfe8 26.Bxg7 Qxc2 27.Rxc2 Kxg7 28.b4 cxb4 29.Rc7+ Kf6
30.Nd4 a5 31.Rh7 Nc3 32.Rf1 Rh8 33.Rb7 Rb8 34.Rd7 Rbd8 35.Rb7 Nxa2 36.Ra1 Nc3
37.Rxa5 Ra8 38.Rxa8 Rxa8 39.Rxb4 Nd5 40.Rb7 Nxf4 41.Rb6 Ra2 42.g3 Nd5 43.Rc6 Rb2
44.Nf3 Rb6 45.Rc8 Rb1+ 46.Kf2 Rb2+ 47.Kg1 Ne3 48.Re8 Rb1+ 49.Kf2 Ng4+ 50.Kg2 Rb2+
51.Kg1 Ne5 52.Nd4 Rd2  0-1

[Event "ch-Euro Indiv Women"]
[Site "Tbilisi GEO"]
[Date "2011.05.18"]
[Round "11"]
[White "Ghukasyan,Siranush"]
[Black "Guliyeva,S"]
[Result "0-1"]
[WhiteElo "1766"]
[BlackElo "2040"]

1.e4 c5 2.Nf3 Nc6 3.Bb5 g6 4.Bxc6 dxc6 5.d3 Bg7 6.h3 e5 7.O-O Ne7 8.Be3 b6
9.a4 h6 10.a5 Be6 11.Na3 O-O 12.Nc4 Qc7 13.Nh2 f5 14.f3 f4 15.Bf2 g5 16.h4 gxh4
17.Bxh4 Ng6 18.Qe1 b5 19.Nd2 Nxh4 20.Qxh4 Rf6 21.Qf2 Bf8 22.Qe2 Rg6 23.Rf2 Qg7
24.Kh1 Be7 25.Rff1 Kh7 26.Rg1 Rg8 27.Qf2 Rg5 28.Ndf1 Bh3 29.Ng4 Bxg4 30.fxg4 Rxg4
31.Nh2 Rh4 32.Rgd1 Qg5  0-1

[Event "TCh-UKR Clubs 2011"]
[Site "Alushta UKR"]
[Date "2011.05.19"]
[Round "7.2"]
[White "Dhillon,J"]
[Black "Guseinov,G"]
[Result "0-1"]
[WhiteElo "2029"]
[BlackElo "2603"]

1.e4 c5 2.Nf3 Nc6 3.Bb5 d6 4.O-O Bd7 5.Re1 a6 6.Bf1 g6 7.c3 Bg7 8.a4 Nf6
9.Na3 O-O 10.d3 Qc7 11.h3 e5 12.Bg5 h6 13.Bd2 Be6 14.Qc1 g5 15.d4 Na5 16.d5 Bd7
17.Qc2 c4 18.Be3 b5 19.Nd2 g4 20.axb5 axb5 21.h4 g3 22.fxg3 Ng4 23.Nf3 f5
24.exf5 Bxf5  0-1

[Event "20th Croatian Cup"]
[Site "Sibenik CRO"]
[Date "2011.05.19"]
[Round "3.124"]
[White "Maslac,Z"]
[Black "Kelemen,M"]
[Result "1-0"]
[WhiteElo "2129"]
[BlackElo "2094"]

1.e4 c5 2.Nf3 Nc6 3.Bb5 d6 4.c3 Bd7 5.O-O a6 6.Ba4 g6 7.d4 b5 8.Bb3 c4 9.Bc2 Bg7
10.d5 Ne5 11.Nd4 Qc8 12.h3 Nf6 13.f4 Nd3 14.Bxd3 cxd3 15.Qxd3 O-O 16.Be3 e6
17.dxe6 fxe6 18.Nf3 Bc6 19.Nbd2 Qc7 20.f5 gxf5 21.exf5 e5 22.Ng5 Bd5 23.b3 Kh8
24.Rac1 Qb7 25.Qe2 h6 26.Ne6 Rg8 27.Rf2 Kh7 28.g4 Bh8 29.Kh2 Qe7 30.g5 hxg5
31.Nxg5+ Kg7 32.c4 Bf7 33.cxb5 axb5 34.Nde4 Nxe4 35.Nxe4 Qh4 36.Bg5 Qh5 37.Qxh5 Bxh5
38.Rc7+ Bf7 39.Nxd6 Rgf8 40.Rg2 Kg8 41.Bh6+  1-0

[Event "Serbian Cup 2011"]
[Site "Valjevo SRB"]
[Date "2011.05.19"]
[Round "4.3"]
[White "Radlovacki,J"]
[Black "Miljkovic,Mir1"]
[Result "1/2-1/2"]
[WhiteElo "2418"]
[BlackElo "2506"]

1.e4 c5 2.Nf3 Nc6 3.Bb5 g6 4.Bxc6 dxc6 5.d3 Bg7 6.h3 Nf6 7.Nc3 Nd7 8.O-O e5
9.Be3 Qe7 10.Qd2 Nf8 11.Ne2 Ne6  1/2-1/2

[Event "ch-Siberia Men"]
[Site "Barnaul RUS"]
[Date "2011.05.20"]
[Round "1"]
[White "Malyshev,Sergey"]
[Black "Geyko,Roman"]
[Result "1-0"]
[WhiteElo "2311"]
[BlackElo "1931"]

1.e4 c5 2.Nf3 Nc6 3.Bb5 e6 4.Bxc6 bxc6 5.b3 Ba6 6.d3 Nf6 7.O-O Be7 8.Nc3 O-O
9.Re1 d5 10.e5 Nd7 11.Qd2 Qc7 12.Ba3 f6 13.d4 fxe5 14.Nxe5 Nxe5 15.dxe5 Rf5
16.Na4 c4 17.Bxe7 Qxe7 18.Qa5 Bb5 19.bxc4 Bxa4 20.Qxa4 Qc5 21.Re2 Raf8 22.Rf1 Rf4
23.Qb3 Rxc4 24.Qb7 Qb6 25.Qd7 c5 26.f4 Rd8 27.Qe7 Rb4 28.f5 c4+ 29.Kh1 exf5
30.e6 Rf8 31.Ree1 Qb7 32.Qd6 Re8 33.Rxf5 Rb6 34.Qc5 Rbxe6 35.Ref1 Qe7 36.Qxd5 c3
37.h3 Kh8 38.Qc4 Re3 39.Rf7 Qd6 40.Qd4  1-0

[Event "TCh-UKR Clubs 2011"]
[Site "Alushta UKR"]
[Date "2011.05.21"]
[Round "9.3"]
[White "Dhillon,J"]
[Black "Krupko,A"]
[Result "0-1"]
[WhiteElo "2029"]
[BlackElo "2165"]

1.e4 c5 2.Nf3 Nc6 3.Bb5 e6 4.O-O Nge7 5.c3 a6 6.Ba4 b5 7.Bc2 Bb7 8.Qe2 d5
9.e5 d4 10.Be4 Ng6 11.cxd4 cxd4 12.d3 Be7 13.Nbd2 Qb6 14.Nb3 Rd8 15.Bd2 O-O
16.h4 f5 17.exf6 Rxf6 18.Ng5 h6 19.Nxe6 Rxe6 20.Bd5 Nce5 21.Bxb7 Qxb7 22.f4 Nxh4
23.fxe5 Rxe5 24.Qg4 Rd6 25.Rf2 Rg6 26.Qh3 Qd5 27.Raf1 Rh5  0-1

[Event "Orlova Open"]
[Site "Orlova CZE"]
[Date "2011.05.21"]
[Round "1"]
[White "Klima,L"]
[Black "Lisowski,Adam"]
[Result "1-0"]
[WhiteElo "2358"]
[BlackElo "1563"]

1.e4 c5 2.Nf3 Nc6 3.Bb5 d6 4.O-O Bd7 5.Re1 Nf6 6.Nc3 e6 7.d4 cxd4 8.Nxd4 Be7
9.Bf1 O-O 10.Ndb5 Ne8 11.a4 a6 12.Na3 Rc8 13.Be3 Qc7 14.Nc4 Nb4 15.a5 Rb8
16.Qd2 Nf6 17.Bb6 Qc6 18.e5 dxe5 19.Nxe5 Qd6 20.Qe2 Nc6 21.f4 Bd8 22.Bf2 Nxa5
23.Red1 Qe7 24.Ne4 Bc6 25.Bc5 Qc7 26.Nxf6+ Bxf6 27.Qf2 Bxe5 28.fxe5 Qxe5
29.Bxf8 Rxf8 30.b4 Rc8 31.Rxa5 Qc3 32.Qd4 Qxc2 33.Rc5  1-0

[Event "Zonal 4.1 African"]
[Site "Tipaza ALG"]
[Date "2011.05.21"]
[Round "1"]
[White "Njili,K"]
[Black "Hamam,Brahim"]
[Result "1-0"]
[WhiteElo "2305"]
[BlackElo "2047"]

1.e4 c5 2.Nf3 Nc6 3.Bb5 e6 4.Bxc6 dxc6 5.d3 Nf6 6.e5 Nd5 7.Qe2 Qa5+ 8.Nbd2 Qb4
9.c4 Nf4 10.Qe4 Ng6 11.h4 h5 12.O-O Qb6 13.Nb3 a5 14.d4 cxd4 15.Nfxd4 Be7
16.Be3 Qc7 17.Rac1 Bd7 18.Rfd1 Rd8 19.c5 Bc8 20.Ne2 Rd5 21.Nc3 Rxd1+ 22.Rxd1 O-O
23.Na4 Rd8 24.Rd6 Nf8 25.Qd3 f6 26.Rxd8 Qxd8 27.Qc2 fxe5 28.g3 Qd5 29.Nb6 Qf3
30.Nxc8  1-0

[Event "XXVI Felix Cup"]
[Site "Baile Felix ROU"]
[Date "2011.05.22"]
[Round "4.9"]
[White "Vartopeanu,N"]
[Black "Besciu,V"]
[Result "1/2-1/2"]
[WhiteElo "1939"]
[BlackElo "2200"]

1.e4 c5 2.Nf3 Nc6 3.Bb5 Nd4 4.Nxd4 cxd4 5.O-O a6 6.Bc4 e6 7.d3 b5 8.Bb3 Bb7
9.c3 Bc5 10.Qe2 Ne7 11.Nd2 d5 12.cxd4 Bxd4 13.Nf3 Bb6 14.Bg5 d4 15.Rac1 O-O
16.Rc2 h6 17.Bh4 Qe8 18.Bg3 Rc8 19.Rfc1 Kh7 20.Bd6 Qd7 21.Bc5 Rxc5 22.Rxc5 Bxc5
23.Rxc5 Qd6 24.Rc2 e5 25.Nd2 Qd8 26.Nf3 Ng6 27.g3 f5 28.Nd2 f4 29.Qh5 Qe7
30.Nf3 Rc8 31.Qf5 Rxc2 32.Bxc2 Qe8 33.Nh4 Bc8 34.Qxg6+ Qxg6 35.Nxg6 Kxg6
36.f3 b4 37.Kf2 Be6 38.b3 Bh3 39.Bd1 Kf6 40.Be2 g5 41.Bf1 Bd7 42.g4 a5 43.Be2 a4
44.Bd1 a3 45.h3 h5 46.Ke2 hxg4 47.hxg4 Be6 48.Kd2 Ke7 49.Kc2 Kd6 50.Be2 Kc5
51.Bd1  1/2-1/2

[Event "Trophee Roza Lallemand"]
[Site "Chalons en Champagne FRA"]
[Date "2011.05.22"]
[Round "7.4"]
[White "Neuhauser,S"]
[Black "Maisuradze,N"]
[Result "0-1"]
[WhiteElo "2073"]
[BlackElo "2310"]

1.e4 c5 2.Nf3 Nc6 3.Bb5 g6 4.Bxc6 dxc6 5.d3 Bg7 6.Nc3 Nf6 7.h3 O-O 8.O-O Ne8
9.Bg5 h6 10.Be3 b6 11.Qd2 Kh7 12.Nh2 e5 13.f4 exf4 14.Bxf4 Nc7 15.Rae1 Ne6
16.Be3 Nd4 17.Rf2 f5 18.Ref1 Qe7 19.exf5 Nxf5 20.Bf4 Bd4 21.Ng4 g5 22.Bh2 Ne3
23.Re1 Bxg4 24.hxg4 Rxf2 25.Qxf2 Rf8 26.Qe2 Nxc2+ 27.Kh1 Qxe2 28.Rxe2 Rf1+  0-1

[Event "Trophee Roza Lallemand"]
[Site "Chalons en Champagne FRA"]
[Date "2011.05.22"]
[Round "8.5"]
[White "Richard,E"]
[Black "Lam,S"]
[Result "0-1"]
[WhiteElo "2073"]
[BlackElo "2071"]

1.e4 c5 2.Nf3 Nc6 3.Bb5 g6 4.O-O Bg7 5.c3 Nf6 6.Re1 O-O 7.h3 Qb6 8.a4 d6
9.d4 cxd4 10.cxd4 Bd7 11.Nc3 a6 12.Bf1 Rfd8 13.Rb1 Rac8 14.Be3 Qa5 15.Qd2 b5
16.axb5 axb5 17.Ra1 Qb4 18.Bxb5 Nxe4 19.Bxc6 Nxd2  0-1

[Event "XXX Zalakaros Open"]
[Site "Zalakaros HUN"]
[Date "2011.05.22"]
[Round "3"]
[White "Sax,G"]
[Black "Pataki,G"]
[Result "1-0"]
[WhiteElo "2513"]
[BlackElo "2365"]

1.e4 c5 2.Nf3 Nc6 3.Bb5 d6 4.O-O Bd7 5.Re1 Nf6 6.c3 a6 7.Bf1 Bg4 8.d4 cxd4
9.cxd4 d5 10.e5 Ng8 11.e6 Bxe6 12.Rxe6 fxe6 13.Nc3 g6 14.Na4 Qd6 15.Nc5 e5
16.Nxb7 Qb4 17.Nc5 e4 18.Bd2 Qb6 19.Qa4 Rc8 20.Bxa6 Rc7 21.Ne5 Qxb2 22.Nxc6 Qxa1+
23.Bf1 e6 24.Ne5+ Ke7 25.Bg5+ Nf6 26.Qa6 Rxc5 27.Qa7+ Ke8 28.Qf7+  1-0

[Event "ch-UZB Major w"]
[Site "Tashkent UZB"]
[Date "2011.05.24"]
[Round "4"]
[White "Danierova,R"]
[Black "Qurbonboeva,S"]
[Result "0-1"]
[WhiteElo "1894"]
[BlackElo "2073"]

1.e4 c5 2.Nf3 Nc6 3.Bb5 g6 4.Bxc6 bxc6 5.d3 Bg7 6.O-O Nf6 7.e5 Nd5 8.c4 Nc7
9.Re1 O-O 10.Nc3 Ne6 11.Be3 d5 12.cxd5 cxd5 13.d4 cxd4 14.Nxd4 Nxd4 15.Qxd4 e6
16.Rac1 f6 17.f4 Bb7 18.Nb5 fxe5 19.fxe5 Rf5 20.Bf2 Qd7 21.Nxa7 Raf8 22.Bg3 Ba6
23.Qb6 Bd3 24.Qe3 Bh6 25.Qxh6 Qxa7+ 26.Kh1 Be4 27.h4 Qd4 28.Rc7 Rf1+ 29.Rxf1 Rxf1+
30.Kh2 Qg1+ 31.Kh3 Bf5+  0-1

[Event "XXX Zalakaros Open"]
[Site "Zalakaros HUN"]
[Date "2011.05.24"]
[Round "5"]
[White "Antipov,M2"]
[Black "Horvath,Ad1"]
[Result "1-0"]
[WhiteElo "2378"]
[BlackElo "2502"]

1.e4 c5 2.Nf3 Nc6 3.Bb5 e6 4.O-O Nge7 5.d4 cxd4 6.Nxd4 Ng6 7.Be3 Be7 8.Nc3 a6
9.Be2 Qc7 10.Nf5 exf5 11.Nd5 Qb8 12.exf5 Bd6 13.Re1 Nge7 14.f6 Nxd5 15.fxg7 Rg8
16.Qxd5 Rxg7 17.Bh5 Kd8 18.Bb6+ Bc7 19.Qc5  1-0